000 00527nam a2200181Ia 4500
005 20250326124634.0
008 250326s9999 xx 000 0 und d
037 _aTextbook
040 _aFMSL
_beng
_cFMSL
041 _aeng
_2eng
084 _aX:8.1 L3
_qFMSL
100 _aSchwendiman J S
_9737700
245 0 _aStrategic and long-range planning for the multinational corporation
_cSchwendiman J S
260 _aNy
_bNy, Peaeger
_c1973
300 _a150p
942 _cTB
_hX:8.1 L3
999 _c1274516
_d1274516